[Event "GER-ch Blitz 2019"]
[Site "Magdeburg"]
[Date "2019.05.25"]
[Round "7.4"]
[White "Braeuer, Franz"]
[Black "Schulze, Marc"]
[Result "1/2-1/2"]
[WhiteElo "2445"]
[BlackElo "2220"]
[Annotator "NA"]
[PlyCount "70"]
[EventDate "2019.05.25"]
[EventType "tourn"]
[EventCountry "GER"]
[Tiebreak "Number of wins+Number of black wins"]
[SourceTitle "playchess.com"]
[Source "ChessBase"]
[SourceQuality "1"]
[TimeControl "180+2"]

1. e4 {[%emt 0:00:00]} c5 {[%emt 0:00:00]} 2. Nf3 {[%emt 0:00:01]} g6 {[%emt 0:
00:00]} 3. d4 {[%emt 0:00:00]} cxd4 4. Nxd4 {[%emt 0:00:01]} Bg7 {[%emt 0:00:
01]} 5. c4 {[%emt 0:00:01]} Nc6 {[%emt 0:00:00]} 6. Be3 {[%emt 0:00:01]} Nf6 {
[%emt 0:00:01]} 7. Nc3 {[%emt 0:00:00]} O-O {[%emt 0:00:02]} 8. Be2 {[%emt 0:
00:01]} d6 {[%emt 0:00:01]} 9. O-O {[%emt 0:00:02]} Bd7 {[%emt 0:00:00]} 10. h3
{[%emt 0:00:04]} Nxd4 {[%emt 0:00:02]} 11. Bxd4 {[%emt 0:00:01]} Bc6 {[%emt 0:
00:01]} 12. Qc2 {[%emt 0:00:01]} a5 {[%emt 0:00:03]} 13. Rad1 {[%emt 0:00:15]}
Nd7 {[%emt 0:00:01]} 14. Bxg7 Kxg7 {[%emt 0:00:02]} 15. Bg4 {[%emt 0:00:02]}
Ne5 {[%emt 0:00:07]} 16. c5 {[%emt 0:00:02]} Nxg4 {[%emt 0:00:11]} 17. hxg4 {
[%emt 0:00:00]} Qc8 {[%emt 0:00:07]} 18. cxd6 {[%emt 0:00:05]} Qxg4 {[%emt 0:
00:01]} 19. dxe7 {[%emt 0:00:47]} Rfe8 {[%emt 0:00:01]} 20. Nd5 {[%emt 0:00:12]
} Bxd5 {[%emt 0:00:02]} 21. exd5 {[%emt 0:00:14]} Rxe7 {[%emt 0:00:01]} 22.
Qc3+ {[%emt 0:00:01]} Kg8 {[%emt 0:00:09]} 23. d6 {[%emt 0:00:06]} Rd7 {
[%emt 0:00:01]} 24. Rd4 {[%emt 0:00:04]} Qe6 {[%emt 0:00:07]} 25. Rfd1 {
[%emt 0:00:24]} Qxa2 {[%emt 0:00:15]} 26. b3 {[%emt 0:00:07]} Qe2 {[%emt 0:00:
19]} 27. Re1 {[%emt 0:00:05]} Qb5 {[%emt 0:00:08]} 28. Qf3 {[%emt 0:00:15]}
Rad8 {[%emt 0:00:13]} 29. Red1 {[%emt 0:00:30]} Qc5 {[%emt 0:00:10]} 30. Qf6 {
[%emt 0:00:07]} b5 {[%emt 0:00:31]} 31. Rd5 {[%emt 0:00:03]} Qc2 {[%emt 0:00:
10]} 32. R5d3 {[%emt 0:00:21]} a4 {[%emt 0:00:09]} 33. bxa4 {[%emt 0:00:01]}
bxa4 {[%emt 0:00:00]} 34. Qa1 {[%emt 0:00:01]} Qc6 {[%emt 0:00:03]} 35. Qa3 {
[%emt 0:00:01]} h5 {[%emt 0:00:08]} 1/2-1/2

[Event "GER-ch Blitz 2019"]
[Site "Magdeburg"]
[Date "2019.05.25"]
[Round "7.5"]
[White "Zelbel, Patrick"]
[Black "Buhmann, Rainer"]
[Result "1/2-1/2"]
[WhiteElo "2439"]
[BlackElo "2573"]
[Annotator "ChessBase"]
[PlyCount "71"]
[EventDate "2019.05.25"]
[EventType "tourn"]
[EventCountry "GER"]
[Tiebreak "Number of wins+Number of black wins"]
[SourceTitle "playchess.com"]
[Source "ChessBase"]
[SourceQuality "1"]
[TimeControl "180+2"]

1. e4 {[%emt 0:00:00]} c6 {[%emt 0:00:00]} 2. c4 {[%emt 0:00:01]} d5 {[%emt 0:
00:00]} 3. exd5 {[%emt 0:00:01]} cxd5 {[%emt 0:00:01]} 4. cxd5 {[%emt 0:00:00]}
Nf6 {[%emt 0:00:02]} 5. Nc3 {[%emt 0:00:01]} Nxd5 {[%emt 0:00:03]} 6. Nf3 {
[%emt 0:00:01]} Nc6 {[%emt 0:00:02]} 7. Bb5 {[%emt 0:00:00]} Nxc3 {[%emt 0:00:
06]} 8. bxc3 {[%emt 0:00:01]} Qd5 {[%emt 0:00:01]} 9. Qa4 {[%emt 0:00:37]} a6 {
[%emt 0:00:34]} 10. Be2 {[%emt 0:00:17]} e6 {[%emt 0:00:08]} 11. O-O {[%emt 0:
00:06]} Be7 {[%emt 0:00:02]} 12. d4 {[%emt 0:00:35]} O-O {[%emt 0:00:19]} 13.
c4 {[%emt 0:00:08]} Qe4 14. Be3 Bf6 {[%emt 0:00:13]} 15. Rad1 {[%emt 0:00:06]}
Rd8 {[%emt 0:00:06]} 16. h3 {[%emt 0:00:25]} Qf5 {[%emt 0:00:16]} 17. Bd3 {
[%emt 0:00:14]} Qa5 {[%emt 0:00:02]} 18. Qxa5 {[%emt 0:00:04]} Nxa5 {[%emt 0:
00:02]} 19. d5 {[%emt 0:00:01]} Re8 {[%emt 0:00:30]} 20. Bb6 {[%emt 0:00:12]}
Bd8 {[%emt 0:00:02]} 21. Bd4 {[%emt 0:00:17]} exd5 {[%emt 0:00:11]} 22. cxd5 {
[%emt 0:00:02]} Bd7 {[%emt 0:00:07]} 23. Rb1 {[%emt 0:00:01]} f6 {[%emt 0:00:
10]} 24. Rfc1 {[%emt 0:00:08]} Rc8 {[%emt 0:00:16]} 25. Rxc8 {[%emt 0:00:01]}
Bxc8 {[%emt 0:00:01]} 26. Nd2 {[%emt 0:00:01]} b5 {[%emt 0:00:07]} 27. Ne4 {
[%emt 0:00:03]} Bf5 {[%emt 0:00:08]} 28. f3 Bxe4 {[%emt 0:00:02]} 29. fxe4 {
[%emt 0:00:24]} Bc7 {[%emt 0:00:06]} 30. Bc3 {[%emt 0:00:05]} Nc4 {[%emt 0:00:
04]} 31. a4 {[%emt 0:00:04]} Be5 {[%emt 0:00:04]} 32. axb5 {[%emt 0:00:02]}
axb5 {[%emt 0:00:01]} 33. Rxb5 {[%emt 0:00:02]} Nd6 {[%emt 0:00:03]} 34. Rb3 {
[%emt 0:00:02]} Bxc3 35. Rxc3 {[%emt 0:00:00]} Nxe4 {[%emt 0:00:03]} 36. Bxe4 {
[%emt 0:00:02]} 1/2-1/2

[Event "GER-ch Blitz 2019"]
[Site "Magdeburg"]
[Date "2019.05.25"]
[Round "7.6"]
[White "Baskin, Robert"]
[Black "Kopylov, Daniel"]
[Result "1/2-1/2"]
[WhiteElo "2398"]
[BlackElo "2263"]
[Annotator "NA"]
[PlyCount "92"]
[EventDate "2019.05.25"]
[EventType "tourn"]
[EventCountry "GER"]
[Tiebreak "Number of wins+Number of black wins"]
[SourceTitle "playchess.com"]
[Source "ChessBase"]
[SourceQuality "1"]
[TimeControl "180+2"]

1. d4 {[%emt 0:00:00]} d5 {[%emt 0:00:00]} 2. Bf4 {[%emt 0:00:00]} Bf5 {
[%emt 0:00:02]} 3. e3 {[%emt 0:00:02]} e6 {[%emt 0:00:02]} 4. Nf3 {[%emt 0:00:
01]} Nf6 {[%emt 0:00:01]} 5. c4 {[%emt 0:00:02]} Bxb1 {[%emt 0:00:04]} 6. Rxb1
{[%emt 0:00:01]} Bb4+ {[%emt 0:00:01]} 7. Ke2 {[%emt 0:00:01]} dxc4 {[%emt 0:
00:04]} 8. Qa4+ {[%emt 0:00:14]} Nc6 {[%emt 0:00:02]} 9. Ne5 {[%emt 0:00:03]}
Nd5 {[%emt 0:00:29]} 10. Bg3 {[%emt 0:00:14]} O-O {[%emt 0:00:04]} 11. Nxc6 {
[%emt 0:00:02]} bxc6 {[%emt 0:00:09]} 12. a3 {[%emt 0:00:07]} a5 {[%emt 0:00:
42]} 13. axb4 {[%emt 0:00:13]} axb4 {[%emt 0:00:01]} 14. Qxc6 {[%emt 0:00:07]}
c3 {[%emt 0:00:01]} 15. e4 {[%emt 0:00:24]} Nf6 {[%emt 0:00:25]} 16. bxc3 {
[%emt 0:00:16]} bxc3 {[%emt 0:00:07]} 17. Be5 {[%emt 0:00:18]} Ra2+ {[%emt 0:
00:10]} 18. Kf3 {[%emt 0:00:06]} Nd7 {[%emt 0:00:49]} 19. Qxc3 {[%emt 0:01:06]}
f5 {[%emt 0:00:01]} 20. Bc4 {[%emt 0:00:03]} Nxe5+ {[%emt 0:00:03]} 21. dxe5 {
[%emt 0:00:02]} fxe4+ {[%emt 0:00:01]} 22. Kxe4 {[%emt 0:00:09]} Qh4+ {[%emt 0:
00:04]} 23. Kd3 {[%emt 0:00:04]} Rd8+ {[%emt 0:00:01]} 24. Ke3 {[%emt 0:00:03]}
Qxf2+ {[%emt 0:00:02]} 25. Ke4 {[%emt 0:00:01]} Qxg2+ {[%emt 0:00:16]} 26. Ke3
{[%emt 0:00:02]} Qf2+ {[%emt 0:00:02]} 27. Ke4 {[%emt 0:00:00]} Qf5+ {[%emt 0:
00:01]} 28. Ke3 {[%emt 0:00:01]} Qf2+ {[%emt 0:00:01]} 29. Ke4 {[%emt 0:00:00]}
Rad2 {[%emt 0:00:08]} 30. Bxe6+ Kh8 31. Rb4 {[%emt 0:00:07]} Qh4+ {[%emt 0:00:
03]} 32. Ke3 {[%emt 0:00:02]} Qf2+ {[%emt 0:00:01]} 33. Ke4 {[%emt 0:00:01]}
Qg2+ {[%emt 0:00:02]} 34. Ke3 {[%emt 0:00:04]} Qxh1 {[%emt 0:00:02]} 35. Qxd2
Qg1+ {[%emt 0:00:03]} 36. Qf2 {[%emt 0:00:03]} Qc1+ {[%emt 0:00:02]} 37. Kf3 {
[%emt 0:00:01]} Qc6+ {[%emt 0:00:01]} 38. Kg3 {[%emt 0:00:02]} Qxe6 {[%emt 0:
00:00]} 39. Rf4 {[%emt 0:00:01]} h6 {[%emt 0:00:03]} 40. Rf8+ {[%emt 0:00:01]}
Rxf8 {[%emt 0:00:00]} 41. Qxf8+ {[%emt 0:00:01]} Kh7 {[%emt 0:00:01]} 42. Qf4 {
[%emt 0:00:00]} c5 {[%emt 0:00:00]} 43. Qe4+ {[%emt 0:00:00]} Qg6+ {[%emt 0:00:
01]} 44. Kf4 {[%emt 0:00:00]} Qxe4+ {[%emt 0:00:08]} 45. Kxe4 {[%emt 0:00:00]}
Kg6 {[%emt 0:00:01]} 46. Kd5 {[%emt 0:00:00]} Kf7 {[%emt 0:00:07]} 1/2-1/2

[Event "GER-ch Blitz 2019"]
[Site "Magdeburg"]
[Date "2019.05.25"]
[Round "7.7"]
[White "Schmaltz, Roland"]
[Black "Koch, Thomas"]
[Result "0-1"]
[WhiteElo "2461"]
[BlackElo "2474"]
[Annotator "ChessBase"]
[PlyCount "120"]
[EventDate "2019.05.25"]
[EventType "tourn"]
[EventCountry "GER"]
[Tiebreak "Number of wins+Number of black wins"]
[SourceTitle "playchess.com"]
[Source "ChessBase"]
[SourceQuality "1"]
[TimeControl "180+2"]

1. e4 {[%emt 0:00:00]} c5 {[%emt 0:00:00]} 2. Nf3 {[%emt 0:00:00]} d6 {[%emt 0:
00:00]} 3. d4 {[%emt 0:00:00]} cxd4 {[%emt 0:00:00]} 4. Nxd4 {[%emt 0:00:00]}
Nf6 {[%emt 0:00:01]} 5. Nc3 {[%emt 0:00:01]} a6 {[%emt 0:00:01]} 6. Be3 {
[%emt 0:00:01]} Ng4 {[%emt 0:00:00]} 7. Bg5 {[%emt 0:00:00]} h6 {[%emt 0:00:01]
} 8. Bc1 {[%emt 0:00:00]} Nc6 {[%emt 0:00:07]} 9. Nxc6 {[%emt 0:00:04]} bxc6 {
[%emt 0:00:01]} 10. Bc4 {[%emt 0:00:01]} Nf6 {[%emt 0:00:08]} 11. e5 {[%emt 0:
00:02]} d5 {[%emt 0:00:12]} 12. exf6 {[%emt 0:00:08]} dxc4 {[%emt 0:00:01]} 13.
Qxd8+ Kxd8 {[%emt 0:00:00]} 14. fxe7+ {[%emt 0:00:07]} Bxe7 {[%emt 0:00:03]}
15. Bf4 {[%emt 0:00:02]} Be6 {[%emt 0:00:24]} 16. O-O-O+ {[%emt 0:00:01]} Ke8 {
[%emt 0:00:01]} 17. Bd6 {[%emt 0:00:20]} Rd8 {[%emt 0:00:15]} 18. Bxe7 {
[%emt 0:00:06]} Kxe7 {[%emt 0:00:02]} 19. Na4 {[%emt 0:00:04]} Rd5 {[%emt 0:00:
06]} 20. Rhe1 {[%emt 0:00:05]} Rb8 {[%emt 0:00:07]} 21. Nc3 {[%emt 0:00:04]}
Rxd1+ {[%emt 0:00:04]} 22. Rxd1 {[%emt 0:00:02]} g5 {[%emt 0:00:03]} 23. Re1 {
[%emt 0:00:19]} Rd8 {[%emt 0:00:14]} 24. Re5 {[%emt 0:00:08]} Rd4 {[%emt 0:00:
09]} 25. g3 {[%emt 0:00:12]} f6 {[%emt 0:00:10]} 26. Ra5 {[%emt 0:00:01]} Bc8 {
[%emt 0:00:01]} 27. Nd1 {[%emt 0:00:04]} f5 {[%emt 0:00:11]} 28. c3 {[%emt 0:
00:22]} Re4 {[%emt 0:00:10]} 29. Kd2 {[%emt 0:00:02]} f4 {[%emt 0:00:03]} 30.
f3 {[%emt 0:00:11]} Re6 {[%emt 0:00:05]} 31. gxf4 {[%emt 0:00:05]} gxf4 {
[%emt 0:00:04]} 32. Rc5 {[%emt 0:00:03]} Rd6+ {[%emt 0:00:06]} 33. Ke2 {
[%emt 0:00:03]} Re6+ {[%emt 0:00:01]} 34. Kd2 {[%emt 0:00:09]} Rd6+ {[%emt 0:
00:02]} 35. Kc1 {[%emt 0:00:01]} Rd3 {[%emt 0:00:05]} 36. Rxc6 {[%emt 0:00:09]}
Be6 {[%emt 0:00:01]} 37. Rxa6 {[%emt 0:00:03]} Rxf3 {[%emt 0:00:01]} 38. a4 {
[%emt 0:00:03]} Rf1 {[%emt 0:00:03]} 39. Kd2 {[%emt 0:00:01]} Rh1 {[%emt 0:00:
01]} 40. Nf2 {[%emt 0:00:07]} Rxh2 {[%emt 0:00:12]} 41. Ke1 {[%emt 0:00:00]}
Rg2 {[%emt 0:00:09]} 42. Kf1 {[%emt 0:00:02]} Rg6 {[%emt 0:00:21]} 43. Ra7+ {
[%emt 0:00:01]} Kd6 {[%emt 0:00:02]} 44. a5 {[%emt 0:00:04]} Kc5 {[%emt 0:00:
05]} 45. Ne4+ {[%emt 0:00:06]} Kd5 {[%emt 0:00:06]} 46. Nf2 {[%emt 0:00:08]}
Kc6 {[%emt 0:00:06]} 47. Re7 {[%emt 0:00:13]} Bd5 {[%emt 0:00:05]} 48. a6 {
[%emt 0:00:02]} Kb5 {[%emt 0:00:10]} 49. a7 {[%emt 0:00:01]} Ra6 {[%emt 0:00:
02]} 50. Nh3 {[%emt 0:00:05]} f3 {[%emt 0:00:04]} 51. Nf4 {[%emt 0:00:01]} Bc6
{[%emt 0:00:03]} 52. Ne6 {[%emt 0:00:03]} Kb6 53. Nd4 {[%emt 0:00:05]} Bd5 {
[%emt 0:00:02]} 54. Re5 {[%emt 0:00:05]} Ba8 {[%emt 0:00:04]} 55. Kf2 {[%emt 0:
00:23]} Kxa7 {[%emt 0:00:02]} 56. Nxf3 {[%emt 0:00:02]} Rf6 {[%emt 0:00:01]}
57. Re3 {[%emt 0:00:01]} Kb6 {[%emt 0:00:02]} 58. Ke2 {[%emt 0:00:00]} Rxf3 {
[%emt 0:00:02]} 59. Rxf3 {[%emt 0:00:01]} Bxf3+ {[%emt 0:00:01]} 60. Kxf3 {
[%emt 0:00:02]} Kb5 {[%emt 0:00:00]} 0-1

[Event "GER-ch Blitz 2019"]
[Site "Magdeburg"]
[Date "2019.05.25"]
[Round "7.9"]
[White "Zuyev, Igor"]
[Black "Feuerstack, Aljoscha"]
[Result "1/2-1/2"]
[WhiteElo "2447"]
[BlackElo "2441"]
[Annotator "NA"]
[PlyCount "78"]
[EventDate "2019.05.25"]
[EventType "tourn"]
[EventCountry "GER"]
[Tiebreak "Number of wins+Number of black wins"]
[SourceTitle "playchess.com"]
[Source "ChessBase"]
[SourceQuality "1"]
[TimeControl "180+2"]

1. e4 {[%emt 0:00:00]} c5 {[%emt 0:00:00]} 2. Nc3 {[%emt 0:00:00]} e6 {[%emt 0:
00:02]} 3. f4 {[%emt 0:00:02]} d5 {[%emt 0:00:02]} 4. Nf3 {[%emt 0:00:04]} dxe4
{[%emt 0:00:01]} 5. Nxe4 {[%emt 0:00:02]} Nf6 {[%emt 0:00:04]} 6. Nxf6+ {
[%emt 0:00:17]} Qxf6 {[%emt 0:00:02]} 7. g3 {[%emt 0:00:04]} Nc6 {[%emt 0:00:
04]} 8. Bd3 {[%emt 0:00:05]} Bd6 {[%emt 0:00:06]} 9. c3 {[%emt 0:00:04]} b6 {
[%emt 0:00:11]} 10. O-O {[%emt 0:00:04]} Bb7 {[%emt 0:00:01]} 11. Re1 {[%emt 0:
00:04]} h6 {[%emt 0:00:25]} 12. Be4 {[%emt 0:00:06]} O-O {[%emt 0:00:06]} 13.
d4 {[%emt 0:00:03]} cxd4 {[%emt 0:00:20]} 14. Nxd4 {[%emt 0:00:06]} Bc5 {
[%emt 0:00:02]} 15. Be3 {[%emt 0:00:05]} Rac8 {[%emt 0:00:38]} 16. Bxc6 {
[%emt 0:00:07]} Bxc6 {[%emt 0:00:01]} 17. Nxc6 {[%emt 0:00:05]} Rxc6 {[%emt 0:
00:04]} 18. Qf3 {[%emt 0:00:04]} Bxe3+ {[%emt 0:00:07]} 19. Qxe3 {[%emt 0:00:
03]} Rd8 {[%emt 0:00:02]} 20. Rad1 {[%emt 0:00:14]} Rcd6 {[%emt 0:00:01]} 21.
Rxd6 {[%emt 0:00:05]} Rxd6 {[%emt 0:00:01]} 22. Qe4 {[%emt 0:00:03]} Qd8 {
[%emt 0:00:02]} 23. Re2 {[%emt 0:00:06]} Rd1+ {[%emt 0:00:10]} 24. Kg2 {
[%emt 0:00:04]} Ra1 {[%emt 0:00:04]} 25. a3 {[%emt 0:00:04]} Qd1 {[%emt 0:00:
05]} 26. Kh3 {[%emt 0:00:11]} g6 {[%emt 0:00:05]} 27. Qa8+ {[%emt 0:00:06]} Kg7
{[%emt 0:00:01]} 28. Qe4 {[%emt 0:00:04]} Qf1+ {[%emt 0:00:07]} 29. Kh4 {
[%emt 0:00:04]} Rd1 {[%emt 0:00:12]} 30. Qg2 {[%emt 0:00:07]} Qxg2 {[%emt 0:00:
07]} 31. Rxg2 {[%emt 0:00:01]} f5 {[%emt 0:00:20]} 32. Re2 {[%emt 0:00:05]} Kf6
{[%emt 0:00:00]} 33. Kh3 {[%emt 0:00:04]} g5 {[%emt 0:00:01]} 34. Kg2 {[%emt 0:
00:05]} Rd3 {[%emt 0:00:01]} 35. h4 {[%emt 0:00:06]} g4 {[%emt 0:00:09]} 36. h5
{[%emt 0:00:12]} Rd5 {[%emt 0:00:13]} 37. Kf2 {[%emt 0:00:05]} Rd3 {[%emt 0:00:
01]} 38. Kg2 {[%emt 0:00:05]} Rd5 {[%emt 0:00:00]} 39. Kf2 {[%emt 0:00:05]} Rd3
{[%emt 0:00:01]} 1/2-1/2

[Event "GER-ch Blitz 2019"]
[Site "Magdeburg"]
[Date "2019.05.25"]
[Round "7.10"]
[White "Voege, Tobias"]
[Black "Frischmann, Rick"]
[Result "0-1"]
[WhiteElo "2294"]
[BlackElo "2320"]
[Annotator "NA"]
[PlyCount "64"]
[EventDate "2019.05.25"]
[EventType "tourn"]
[EventCountry "GER"]
[Tiebreak "Number of wins+Number of black wins"]
[SourceTitle "playchess.com"]
[Source "ChessBase"]
[SourceQuality "1"]
[TimeControl "180+2"]

1. d4 {[%emt 0:00:00]} d5 {[%emt 0:00:00]} 2. c4 {[%emt 0:00:00]} Nc6 {[%emt 0:
00:00]} 3. Nf3 {[%emt 0:00:00]} Bg4 {[%emt 0:00:00]} 4. Nc3 {[%emt 0:00:01]} e6
{[%emt 0:00:01]} 5. cxd5 {[%emt 0:00:05]} exd5 {[%emt 0:00:01]} 6. Qb3 {
[%emt 0:00:03]} Bb4 {[%emt 0:00:05]} 7. Ne5 {[%emt 0:00:59]} Nxd4 {[%emt 0:00:
01]} 8. Qd1 {[%emt 0:00:06]} Nc6 {[%emt 0:00:06]} 9. Nxg4 {[%emt 0:00:06]} h5 {
[%emt 0:00:01]} 10. e3 {[%emt 0:00:25]} hxg4 {[%emt 0:00:09]} 11. Qxg4 {
[%emt 0:00:03]} Nf6 {[%emt 0:00:23]} 12. Qxg7 {[%emt 0:00:26]} Rg8 {[%emt 0:00:
01]} 13. Qh6 {[%emt 0:00:01]} Qe7 {[%emt 0:00:10]} 14. Bd2 {[%emt 0:00:20]} d4
{[%emt 0:00:03]} 15. Nb1 {[%emt 0:00:06]} O-O-O {[%emt 0:00:05]} 16. Bb5 {
[%emt 0:00:14]} Ne5 {[%emt 0:00:30]} 17. Qh3+ {[%emt 0:00:11]} Kb8 {[%emt 0:00:
00]} 18. a3 {[%emt 0:00:05]} Bxd2+ {[%emt 0:00:13]} 19. Nxd2 {[%emt 0:00:01]}
Qc5 {[%emt 0:00:22]} 20. Be2 {[%emt 0:00:05]} Qc2 {[%emt 0:00:50]} 21. Rd1 {
[%emt 0:00:01]} Nd3+ {[%emt 0:00:10]} 22. Bxd3 {[%emt 0:00:06]} Qxd3 {[%emt 0:
00:01]} 23. e4 {[%emt 0:00:03]} Qb5 {[%emt 0:00:04]} 24. Qf3 {[%emt 0:00:09]}
Nd7 {[%emt 0:00:15]} 25. Qe2 {[%emt 0:00:04]} d3 {[%emt 0:00:03]} 26. Qe3 {
[%emt 0:00:03]} Rxg2 {[%emt 0:00:01]} 27. b4 {[%emt 0:00:03]} Ne5 {[%emt 0:00:
02]} 28. Qh3 {[%emt 0:00:03]} Rdg8 {[%emt 0:00:01]} 29. Nb3 {[%emt 0:00:02]}
Qc4 {[%emt 0:00:02]} 30. Nc1 {[%emt 0:00:02]} Qxe4+ {[%emt 0:00:01]} 31. Kd2 {
[%emt 0:00:01]} Rxf2+ {[%emt 0:00:02]} 32. Kc3 {[%emt 0:00:01]} Qc4# {[%emt 0:
00:02] Kd4} 0-1

[Event "GER-ch Blitz 2019"]
[Site "Magdeburg"]
[Date "2019.05.25"]
[Round "7.11"]
[White "Hirneise, Jens"]
[Black "Braeuning, Rudolf Wilhelm"]
[Result "1-0"]
[WhiteElo "2375"]
[BlackElo "2285"]
[Annotator "NA"]
[PlyCount "98"]
[EventDate "2019.05.25"]
[EventType "tourn"]
[EventCountry "GER"]
[Tiebreak "Number of wins+Number of black wins"]
[SourceTitle "playchess.com"]
[Source "ChessBase"]
[SourceQuality "1"]
[TimeControl "180+2"]

1. e4 {[%emt 0:00:00]} c5 {[%emt 0:00:00]} 2. Nf3 {[%emt 0:00:00]} g6 {[%emt 0:
00:01]} 3. d4 {[%emt 0:00:00]} cxd4 4. Nxd4 Nc6 {[%emt 0:00:05]} 5. Nc3 {
[%emt 0:00:03]} Bg7 {[%emt 0:00:01]} 6. Be3 {[%emt 0:00:00]} Nf6 {[%emt 0:00:
02]} 7. Bc4 {[%emt 0:00:01]} O-O {[%emt 0:00:02]} 8. Bb3 {[%emt 0:00:01]} a5 {
[%emt 0:00:02]} 9. O-O {[%emt 0:00:02]} a4 10. Nxa4 {[%emt 0:00:01]} Nxe4 {
[%emt 0:00:02]} 11. c4 {[%emt 0:00:01]} Ra6 {[%emt 0:00:03]} 12. Re1 {[%emt 0:
00:03]} Nxd4 {[%emt 0:00:20]} 13. Bxd4 {[%emt 0:00:02]} Rd6 {[%emt 0:00:02]}
14. Rxe4 {[%emt 0:00:05]} e5 {[%emt 0:00:01]} 15. Nc3 {[%emt 0:01:05]} Rxd4 {
[%emt 0:00:06]} 16. Qe1 {[%emt 0:00:08]} d6 {[%emt 0:00:14]} 17. Nb5 {[%emt 0:
00:08]} d5 {[%emt 0:01:04]} 18. cxd5 {[%emt 0:00:19]} Rxe4 {[%emt 0:00:08]} 19.
Qxe4 {[%emt 0:00:02]} Bf5 {[%emt 0:00:03]} 20. Qe2 {[%emt 0:00:06]} Qb6 {
[%emt 0:00:31]} 21. Rd1 {[%emt 0:00:12]} h5 {[%emt 0:00:04]} 22. h3 {[%emt 0:
00:04]} Rd8 {[%emt 0:00:09]} 23. Nc3 {[%emt 0:00:09]} Qb4 {[%emt 0:00:11]} 24.
Qc4 {[%emt 0:00:12]} Qxc4 {[%emt 0:00:05]} 25. Bxc4 {[%emt 0:00:02]} e4 {
[%emt 0:00:01]} 26. Be2 {[%emt 0:00:30]} Rc8 {[%emt 0:00:07]} 27. g4 {[%emt 0:
00:05]} hxg4 {[%emt 0:00:08]} 28. hxg4 {[%emt 0:00:01]} Bd7 {[%emt 0:00:03]}
29. Nxe4 {[%emt 0:00:06]} Bxb2 {[%emt 0:00:04]} 30. Rb1 {[%emt 0:00:03]} Rc2 {
[%emt 0:00:09]} 31. Bd3 {[%emt 0:00:03]} Rc1+ {[%emt 0:00:02]} 32. Rxc1 {
[%emt 0:00:01]} Bxc1 {[%emt 0:00:01]} 33. Nf6+ {[%emt 0:00:01]} Kf8 {[%emt 0:
00:03]} 34. Nxd7+ {[%emt 0:00:01]} Ke7 {[%emt 0:00:01]} 35. Nc5 {[%emt 0:00:03]
} b6 {[%emt 0:00:01]} 36. Nb3 {[%emt 0:00:04]} Ba3 {[%emt 0:00:02]} 37. Kg2 {
[%emt 0:00:07]} Kd6 {[%emt 0:00:01]} 38. Be4 {[%emt 0:00:02]} Ke5 {[%emt 0:00:
04]} 39. Bf3 {[%emt 0:00:08]} Kf4 {[%emt 0:00:02]} 40. Nd2 {[%emt 0:00:05]} Bb4
{[%emt 0:00:02]} 41. Nc4 {[%emt 0:00:03]} Bc5 {[%emt 0:00:01]} 42. d6 {[%emt 0:
00:05]} Kg5 {[%emt 0:00:02]} 43. d7 {[%emt 0:00:02]} Be7 {[%emt 0:00:01]} 44.
Nxb6 {[%emt 0:00:01]} Bd8 {[%emt 0:00:02]} 45. Nc4 {[%emt 0:00:02]} Kf6 {
[%emt 0:00:01]} 46. a4 {[%emt 0:00:02]} Ke7 {[%emt 0:00:02]} 47. Bc6 {[%emt 0:
00:01]} Ke6 {[%emt 0:00:03]} 48. a5 {[%emt 0:00:01]} Kf6 {[%emt 0:00:03]} 49.
a6 {[%emt 0:00:01]} Bc7 1-0

[Event "GER-ch Blitz 2019"]
[Site "Magdeburg"]
[Date "2019.05.25"]
[Round "7.12"]
[White "Heistermann, Till"]
[Black "Stern, Rene"]
[Result "0-1"]
[WhiteElo "2181"]
[BlackElo "2538"]
[Annotator "ChessBase"]
[PlyCount "92"]
[EventDate "2019.05.25"]
[EventType "tourn"]
[EventCountry "GER"]
[Tiebreak "Number of wins+Number of black wins"]
[SourceTitle "playchess.com"]
[Source "ChessBase"]
[SourceQuality "1"]
[TimeControl "180+2"]

1. c4 {[%emt 0:00:00]} e6 {[%emt 0:00:00]} 2. Nf3 {[%emt 0:00:00]} d5 {[%emt 0:
00:00]} 3. g3 {[%emt 0:00:01]} Nf6 {[%emt 0:00:01]} 4. Bg2 {[%emt 0:00:00]} Be7
{[%emt 0:00:01]} 5. b3 {[%emt 0:00:01]} O-O {[%emt 0:00:01]} 6. Bb2 {[%emt 0:
00:01]} b6 {[%emt 0:00:01]} 7. O-O {[%emt 0:00:02]} Bb7 {[%emt 0:00:01]} 8. d3
{[%emt 0:00:01]} c5 {[%emt 0:00:01]} 9. Nbd2 {[%emt 0:00:01]} d4 {[%emt 0:00:
06]} 10. b4 {[%emt 0:00:02]} Nbd7 {[%emt 0:00:18]} 11. Rb1 {[%emt 0:00:10]} e5
{[%emt 0:00:10]} 12. bxc5 {[%emt 0:00:01]} bxc5 {[%emt 0:00:09]} 13. Nb3 {
[%emt 0:00:25]} Qc7 {[%emt 0:00:16]} 14. Bc1 {[%emt 0:00:05]} Rab8 {[%emt 0:00:
06]} 15. Bd2 {[%emt 0:00:02]} e4 {[%emt 0:00:11]} 16. Bf4 Bd6 17. Bxd6 {
[%emt 0:00:11]} Qxd6 {[%emt 0:00:01]} 18. Ne1 {[%emt 0:00:02]} Qc7 {[%emt 0:00:
16]} 19. Qd2 {[%emt 0:00:06]} Rfe8 {[%emt 0:00:03]} 20. Qa5 {[%emt 0:00:03]}
Qxa5 {[%emt 0:00:18]} 21. Nxa5 {[%emt 0:00:00]} Ba8 {[%emt 0:00:00]} 22. Nc2 {
[%emt 0:00:13]} Rb6 {[%emt 0:00:01]} 23. Nb3 {[%emt 0:00:40]} exd3 {[%emt 0:00:
06]} 24. exd3 {[%emt 0:00:02]} Bxg2 {[%emt 0:00:01]} 25. Kxg2 {[%emt 0:00:01]}
Re2 {[%emt 0:00:01]} 26. Rbc1 {[%emt 0:00:06]} Ng4 {[%emt 0:00:19]} 27. Kf3 {
[%emt 0:00:42]} Rxc2 {[%emt 0:00:01]} 28. Rxc2 {[%emt 0:00:01]} Nxh2+ {[%emt 0:
00:02]} 29. Kg2 {[%emt 0:00:01]} Nxf1 {[%emt 0:00:01]} 30. Kxf1 {[%emt 0:00:01]
} Kf8 {[%emt 0:00:02]} 31. Re2 {[%emt 0:00:09]} Re6 {[%emt 0:00:03]} 32. Rb2 {
[%emt 0:00:06]} Ke7 {[%emt 0:00:03]} 33. Nc1 {[%emt 0:00:15]} Rb6 {[%emt 0:00:
03]} 34. Re2+ {[%emt 0:00:04]} Kd6 {[%emt 0:00:01]} 35. Nb3 {[%emt 0:00:01]}
Nf6 {[%emt 0:00:17]} 36. Kg2 {[%emt 0:00:07]} Rb8 {[%emt 0:00:04]} 37. Kf3 {
[%emt 0:00:02]} h5 {[%emt 0:00:03]} 38. Rd2 {[%emt 0:00:13]} Re8 {[%emt 0:00:
10]} 39. Rb2 {[%emt 0:00:03]} Nd7 {[%emt 0:00:09]} 40. Kg2 {[%emt 0:00:03]} Nb6
{[%emt 0:00:03]} 41. Nd2 {[%emt 0:00:08]} Kc6 {[%emt 0:00:08]} 42. Ne4 f5 43.
Ng5 Na4 44. Rb5 Nc3 45. Ra5 Kb6 46. Ra3 Re2 0-1